Aerodynamika

Saved in:
Bibliographic Details
Main Author: Molnár, Vojtech, 1947- (Author)
Format: Book
Language:Slovak
Published: Bratislava : SVŠT v Bratislave, 1978
Subjects:
Tags: Add Tag
No Tags, Be the first to tag this record!

MARC

LEADER 00000nam a22000003a 4500
001 stu90828
005 20150617225625.4
008 041008s1978----cs------------------slo-d
040 |a STU  |b slo 
041 0 |a slo 
044 |a cs 
080 |a 629.3.015.3  |7 stu_us_auth*stu59 
100 1 |a Molnár, Vojtech,  |d 1947-  |4 aut  |u J260  |U SjF Ústav tepelnej energetiky  |T SjF Katedra tepelnej energetiky  |X 2444  |U J260  |Y 49  |7 A000002444 
245 1 |a Aerodynamika 
260 |a Bratislava :  |b SVŠT v Bratislave,  |c 1978 
300 |a 185 s 
650 7 |a aerodynamika  |2 stusub 
996 |b 284J023270  |c J*56961  |l JJST  |s P  |a 0  |w stu90828_0001